000 00372 a2200157 4500
001 177186
020 _a
040 _cMagnum
100 _aSalgado, Mauro Ivan
240 1 0 _aDokt e a brincadeira de roda dos dentinhos
_lpor
245 1 0 _aDokt e a brincadeira de roda dos dentinhos
362 0 _a1899
440 1 _aAbril
697 _aMAGNITO: IJ/GERAL
942 _cBK
999 _c177186
_d177186